[Event "Frauenbundesliga 2021-22"]
[Site "Germany"]
[Date "2022.05.25"]
[Round "9.7"]
[White "Unuk, Laura"]
[Black "Socko, Monika"]
[Result "0-1"]
[WhiteElo "2338"]
[BlackElo "2384"]
[Annotator "TA"]
[PlyCount "104"]
[EventDate "2021.11.26"]
[EventType "team-tourn"]
[EventCountry "GER"]
[SourceTitle "playchess.com"]
[Source "ChessBase"]
[SourceQuality "1"]
[WhiteTeam "TuRa Harksheide"]
[BlackTeam "Hamburger SK"]
[WhiteTeamCountry "SLO"]
[BlackTeamCountry "POL"]
[TimeControl "40/5400+30:1800+30"]

{[%evp 9,104,0,0,0,0,0,0,-10,-4,-17,-15,-35,27,5,6,-13,0,-11,-10,-39,-23,-64,-58,-65,-49,-141,-145,-131,-113,-113,-113,-113,-97,-85,-74,-136,-123,-129,-128,-120,-87,-74,-91,-67,-67,-593,-593,-564,-535,-742,-698,-526,-453,-446,-453,-420,0,0,0,0,0,0,0,0,0,0,0,-321,-293,-312,-315,-312,-308,-349,-339,-761,-717,-12837,-12838,-12838,-1421,-12839,-12839,-12840,-12840,-12841,-12841,-12841,-12841,-12842,-12843,-12843,-12843,-12844,-12844,-12845,-12846]} 1. c4 {[%emt 0:00:05]} e6 {[%emt 0:00:05]} 2. Nc3 {[%emt 0:00:22]} b6 {[%emt 0:01:28]} 3. e4 {[%emt 0:13:32]} Bb7 {[%emt 0:00:21]} 4. a3 {[%emt 0:02:31]} c5 {[%emt 0:01:41]} 5. g3 {[%emt 0:04:30]} Nc6 {[%emt 0:01:59]} 6. Bg2 {[%emt 0:01:43] A10: English Opening: Unusual Replies for Black.} g6 {[%emt 0:02:19]} 7. d3 {[%emt 0:01:23]} Bg7 {[%emt 0:01:13] [#]} 8. Nf3 $146 {[%emt 0:10:17] The position is equal.} ({Predecessor:} 8. Nge2 d6 9. Be3 Nd4 10. Qa4+ Bc6 11. Bxd4 Bxa4 12. Bxg7 Bc6 13. Bxh8 f6 14. h4 {0-1 (42) Hillarp Persson,T (2543)-Gopal,G (2548) Dresden 2008}) 8... Nge7 {[%emt 0:01:30]} 9. Bg5 {[%emt 0:11:10]} h6 {[%emt 0:06:17]} 10. Bf4 {[%emt 0:00:04]} e5 {[%emt 0:01:57]} (10... g5 $15 11. Be3 O-O) 11. Be3 {[%emt 0:06:40]} Nd4 {[%emt 0:00:36]} 12. h4 {[%emt 0:09:48]} O-O {[%emt 0:08:52]} 13. h5 {[%emt 0:06:01]} g5 {[%emt 0:09:43]} 14. Nd5 {[%emt 0:12:56][%cal Oe3g5]} f5 {[%emt 0:13:11]} 15. Bxd4 {[%emt 0:01:04]} exd4 {[%emt 0:04:24]} 16. Nd2 {[%emt 0:01:02]} Nxd5 {[%emt 0:03:40]} 17. exd5 {[%emt 0:03:42]} ({White should try} 17. cxd5 $15 Ba6 18. Qb3) 17... Re8+ $17 {[%emt 0:03:06]} 18. Kf1 {[%emt 0:00:03]} g4 {[%emt 0:00:17] Prevents Qf3.} 19. b4 {[%emt 0:05:03]} d6 {[%emt 0:02:30]} 20. Nb3 {[%emt 0:00:04]} cxb4 {[%emt 0:11:32]} 21. axb4 {[%emt 0:00:05]} a5 {[%emt 0:00:04][%cal Ba7a5,Ba5a4][%mdl 32]} 22. b5 {[%emt 0:03:11]} (22. bxa5 $142 bxa5 23. Nc1) 22... Qg5 {[%emt 0:03:32]} (22... a4 23. Nc1 $15) 23. Qd2 {[%emt 0:04:40] Inhibits f4.} a4 {[%emt 0:02:13]} 24. Qxg5 {[%emt 0:00:10]} hxg5 {[%emt 0:00:01]} 25. Nc1 {[%emt 0:01:11]} a3 {[%emt 0:08:03] Black is much more active. The white rooks are badly placed.} 26. Ra2 {[%emt 0:01:00]} Ra4 {[%emt 0:01:16][%cal Ba8a4,Ba4b4,Bb4b2][%mdl 32]} 27. Ne2 $2 {[%emt 0:00:39][%mdl 8192]} (27. Nb3 $15) 27... Rb4 $19 {[%emt 0:00:56] ( -> ...Rb1+)} 28. Ke1 {[%emt 0:00:03] [#]} f4 $1 {[%emt 0:11:44]} (28... Rb2 29. Rxb2 axb2 30. Kd2 $11) 29. Be4 {[%emt 0:01:12] [#]} Rxe4 $1 {[%emt 0:00:00][%mdl 512]} 30. dxe4 {[%emt 0:00:05] Hoping for Kd2.} d3 {[%emt 0:00:00]} 31. Nc1 {[%emt 0:00:55]} Bc3+ {[%emt 0:00:43]} 32. Kd1 {[%emt 0:00:03] [#]} Rb2 $2 {[%emt 0:00:27]} (32... d2 $2 33. Ne2 Rb1+ 34. Kc2 Rxh1 35. Nxc3 $16) (32... Rb1 $1 $19 {And now ...Bb4 would win.} 33. Rg1 (33. Rxa3 $2 Bb2 $19) 33... Bb4) 33. Rxa3 $11 {[%emt 0:01:03]} Rd2+ {[%emt 0:00:10]} 34. Ke1 {[%emt 0:00:03]} Bb4 {[%emt 0:00:20]} 35. Ra4 {[%emt 0:00:58]} Rb2+ {[%emt 0:00:24]} 36. Kd1 {[%emt 0:00:02]} d2 {[%emt 0:00:45]} 37. h6 {[%emt 0:00:03]} Ba5 {[%emt 0:00:53]} 38. h7+ $2 {[%emt 0:00:26][%mdl 8192] White is now going downhill.} (38. Rxa5 $11 {and White is okay.} bxa5 39. Rh5 (39. h7+ $2 Kh8 $19) 39... dxc1=Q+ 40. Kxc1 Rxf2 41. Rxg5+ Kh7 42. Rxg4 fxg3 43. Rxg3 Kxh6 44. Rg8) 38... Kh8 $19 {[%emt 0:00:00]} 39. Rxa5 {[%emt 0:01:35]} bxa5 {[%emt 0:00:16] The board is on fire.} 40. gxf4 {[%emt 0:00:31]} gxf4 {[%emt 0:00:21][%mdl 4096] Endgame KRB-KRN} (40... dxc1=Q+ 41. Kxc1 Rb4 42. fxg5 Rxc4+ 43. Kb2 Rxe4 44. g6 Re2+ 45. Ka3 Ra2+ 46. Kxa2 $11) 41. c5 {[%emt 0:04:51]} dxc5 {[%emt 0:12:40]} ({Worse is} 41... dxc1=B 42. Kxc1 Rxb5 43. cxd6 $17) ({And not} 41... dxc1=N 42. cxd6 Bc8 43. Kxc1 $15) ({Inferior is} 41... dxc1=R+ 42. Kxc1 Rxb5 43. cxd6 $17) 42. d6 $2 {[%emt 0:01:40]} (42. Rh4 dxc1=N 43. Kxc1 Rxb5 44. Rxg4) 42... Bc8 {[%emt 0:01:01] Threatens to win with ...g3. Black is clearly winning.} 43. e5 {[%emt 0:18:16]} g3 {[%emt 0:05:09]} 44. fxg3 {[%emt 0:00:10]} Bg4+ {[%emt 0:02:52]} 45. Ne2 {[%emt 0:00:05]} f3 {[%emt 0:00:02][%csl Gg4][%cal Rf3e2]} 46. Rh2 {[%emt 0:00:43]} fxe2+ {[%emt 0:02:04]} 47. Rxe2 {[%emt 0:00:04] KRB-KR} Rb1+ {[%emt 0:00:04]} 48. Kxd2 {[%emt 0:00:06]} Rb2+ {[%emt 0:00:03]} 49. Kd3 {[%emt 0:03:23]} Bxe2+ {[%emt 0:01:33]} 50. Kc3 {[%emt 0:00:03]} Rxb5 {[%emt 0:00:04]} 51. e6 {[%emt 0:00:03]} Bg4 {[%emt 0:00:25]} 52. d7 {[%emt 0:00:08]} Rb8 {[%emt 0:00:05] Weighted Error Value: White=0.73/Black=0.14 (very precise)} 0-1

[Event "Frauenbundesliga 2021-22"]
[Site "Germany"]
[Date "2022.05.25"]
[Round "9.8"]
[White "Padmini, Rout"]
[Black "Antolak, Julia"]
[Result "1/2-1/2"]
[WhiteElo "2348"]
[BlackElo "2371"]
[Annotator "TA"]
[PlyCount "62"]
[EventDate "2021.11.26"]
[EventType "team-tourn"]
[EventCountry "GER"]
[SourceTitle "playchess.com"]
[Source "ChessBase"]
[SourceQuality "1"]
[WhiteTeam "Hamburger SK"]
[BlackTeam "TuRa Harksheide"]
[WhiteTeamCountry "IND"]
[BlackTeamCountry "POL"]
[TimeControl "40/5400+30:1800+30"]

{[%evp 17,62,5,21,11,10,10,12,0,17,0,13,-2,-10,-21,-13,-10,-12,-18,22,11,20,17,26,12,14,0,0,11,7,0,29,27,21,0,0,0,0,0,0,0,0,0,0,0,0,0,0]} 1. e4 {[%emt 0:00:04]} e5 {[%emt 0:00:10]} 2. Nf3 {[%emt 0:00:10]} Nc6 {[%emt 0:00:07]} 3. Bc4 {[%emt 0:00:12]} Bc5 {[%emt 0:00:22]} 4. c3 {[%emt 0:00:19]} Nf6 {[%emt 0:01:08]} 5. d4 {[%emt 0:00:14]} exd4 {[%emt 0:00:24]} 6. e5 {[%emt 0:00:16]} d5 {[%emt 0:00:40]} 7. Bb5 {[%emt 0:00:34]} Ne4 {[%emt 0:00:47]} 8. cxd4 {[%emt 0:00:27]} Bb6 {[%emt 0:00:06]} 9. Nc3 {[%emt 0:00:24]} O-O {[%emt 0:01:37]} 10. Be3 {[%emt 0:01:22] C54: Giuoco Piano: 4 c3 Nf6, main lines with 5 d4 and 5 d3.} Bg4 {[%emt 0:01:28]} 11. h3 {[%emt 0:07:26]} Bh5 {[%emt 0:00:50]} 12. Qc2 {[%emt 0:05:34]} Bg6 {[%emt 0:02:21] [#] Threatens to win with ...Nxc3. 12...Nxc3 gains popularity.} 13. Qb3 {[%emt 0:00:54]} Ne7 {[%emt 0:00:50][%cal Bc6e7,Be7f5,Bf5e3][%mdl 32]} 14. Rd1 {[%emt 0:04:57][%cal Ba1d1,Bd1d3,Bd3d2,Bd2f2][%mdl 32]} c6 {[%emt 0:05:32]} 15. Bd3 {[%emt 0:00:45]} Nf5 {[%emt 0:22:07]} 16. O-O {[%emt 0:08:08]} Nxe3 {[%emt 0:03:16]} 17. fxe3 {[%emt 0:00:10] [#]} Nxc3 $146 {[%emt 0:04:41]} (17... Ng3 {is interesting.} 18. Rfe1 Bxd3 19. Rxd3 Qc7) ({Predecessor:} 17... Ng3 18. Rf2 Bxd3 19. Rxd3 Ne4 20. Rf1 Ng3 21. Rf2 Ne4 22. Rf1 Ng3 23. Rf2 Ne4 {½-½ (23) Pacher,M (2387)-Bhakti,K (2388) Budapest 2022}) 18. bxc3 {[%emt 0:01:57]} Bxd3 {[%emt 0:00:06]} 19. Rxd3 {[%emt 0:00:10]} Kh8 {[%emt 0:02:22]} 20. Rd2 {[%emt 0:04:27]} f6 {[%emt 0:07:00]} 21. Rdf2 {[%emt 0:02:56]} Qe7 {[%emt 0:00:40]} 22. c4 {[%emt 0:24:19]} dxc4 {[%emt 0:01:48]} 23. Qxc4 {[%emt 0:00:08]} Bc7 {[%emt 0:01:43][%cal Rf6e5]} 24. Qb3 {[%emt 0:02:12]} Rab8 {[%emt 0:07:54]} 25. e4 {[%emt 0:17:17] The position is equal.} (25. Nd2 {with more complications.} Bb6 26. exf6 Rxf6 27. Rxf6 gxf6 28. Rf4) 25... fxe5 {[%emt 0:03:39]} (25... Bb6 {seems wilder.} 26. Kh1 Rbd8 27. exf6 Rxf6 28. Qe3 Kg8) 26. Nxe5 {[%emt 0:01:15]} Rxf2 {[%emt 0:06:28]} 27. Rxf2 {[%emt 0:00:07] [#] aiming for Rf7.} Bxe5 {[%emt 0:00:05]} 28. dxe5 {[%emt 0:00:11]} Qxe5 {[%emt 0:04:45]} 29. Qxb7 $1 $11 {[%emt 0:01:46] KQR-KQR} h6 {[%emt 0:01:05]} 30. Qxa7 {[%emt 0:01:45]} Rb1+ {[%emt 0:01:11]} 31. Rf1 {[%emt 0:00:07]} Qxe4 {[%emt 0:00:43] A balanced but interesting game.  Weighted Error Value: White=0.05 (flawless) /Black=0.05 (flawless)} 1/2-1/2

[Event "Frauenbundesliga 2021-22"]
[Site "Germany"]
[Date "2022.05.25"]
[Round "9.9"]
[White "Radikovic, Anamarija"]
[Black "Gaal, Zsoka"]
[Result "1/2-1/2"]
[WhiteElo "2133"]
[BlackElo "2323"]
[Annotator "TA"]
[PlyCount "68"]
[EventDate "2021.11.26"]
[EventType "team-tourn"]
[EventCountry "GER"]
[SourceTitle "playchess.com"]
[Source "ChessBase"]
[SourceQuality "1"]
[WhiteTeam "TuRa Harksheide"]
[BlackTeam "Hamburger SK"]
[WhiteTeamCountry "CRO"]
[BlackTeamCountry "HUN"]
[TimeControl "40/5400+30:1800+30"]

{[%evp 14,68,12,0,0,0,9,6,30,18,54,69,53,24,21,14,93,82,103,102,105,21,168,169,178,170,222,212,210,183,168,174,168,147,193,91,118,105,129,125,148,136,127,152,141,63,84,11,65,19,185,182,163,157,145,135,142]} 1. e4 {[%emt 0:00:05]} c6 {[%emt 0:00:18]} 2. d4 {[%emt 0:00:02]} d5 {[%emt 0:00:09]} 3. e5 {[%emt 0:00:05]} Bf5 {[%emt 0:00:19]} 4. h4 {[%emt 0:00:07]} h5 {[%emt 0:00:07]} 5. c4 {[%emt 0:00:05]} e6 {[%emt 0:00:57]} 6. Nc3 {[%emt 0:00:07]} dxc4 {[%emt 0:04:48]} 7. Bxc4 {[%emt 0:00:07]} Nd7 {[%emt 0:00:25][%cal Bb8d7,Bd7b6,Bb6c8,Bc8e7,Be7f5,Bf5d4][%mdl 32]} 8. Bg5 {[%emt 0:05:46]} Be7 {[%emt 0:05:42] B12: Caro-Kann: Advance Variation.} 9. Nf3 {[%emt 0:01:01]} Bxg5 {[%emt 0:21:19]} 10. Nxg5 {[%emt 0:00:08] [#]} Nb6 $146 {[%emt 0:00:39] The position is equal.} ({Predecessor:} 10... Ne7 11. O-O Nb6 12. Be2 Bg6 13. g3 Nf5 14. Nf3 Qe7 15. Qb3 Rd8 16. Rad1 O-O {0-1 (31) Severgin,V (2229)-Kostin,A (2387) Voronezh 2004}) 11. Be2 {[%emt 0:02:45]} Bg6 {[%emt 0:04:50]} 12. Nce4 {[%emt 0:10:00][%cal Bc3e4,Be4g3,Bg3e4,Be4d6][%mdl 32] [#] Strongly threatening Nd6+.} Nc8 {[%emt 0:06:51] Prevents Nd6+.} 13. Ng3 {[%emt 0:18:52]} Nce7 $1 {[%emt 0:00:49]} 14. Bxh5 {[%emt 0:32:06]} Qa5+ {[%emt 0:01:29]} (14... Bxh5 $11 15. Nxh5 Nf5) 15. Kf1 $16 {[%emt 0:00:20] And now Bxg6 would win.} Qb5+ {[%emt 0:03:20]} 16. Be2 {[%emt 0:03:29]} Qxb2 {[%emt 0:03:06]} 17. N5e4 {[%emt 0:00:06]} (17. h5 $16 Nf5 18. Rh3 Nxg3+ 19. Rxg3) 17... Bxe4 {[%emt 0:04:52]} (17... O-O-O $11 {and Black stays safe.}) 18. Nxe4 $18 {[%emt 0:00:06]} Nf5 {[%emt 0:00:46]} 19. Rb1 {[%emt 0:02:05]} Qxd4 {[%emt 0:10:41]} (19... Qxa2 {was worth a try.} 20. Rxb7 Kf8) 20. Qxd4 {[%emt 0:00:06]} (20. Rxb7 Qxd1+ 21. Bxd1 O-O-O $11) 20... Nxd4 {[%emt 0:00:09]} 21. Nd6+ {[%emt 0:00:07]} Kf8 {[%emt 0:00:40]} 22. Rxb7 {[%emt 0:00:16][%csl Gd6][%cal Rb7f7]} Ne7 {[%emt 0:02:50]} 23. Rh3 {[%emt 0:03:57]} g6 {[%emt 0:10:43]} (23... f5 $16) 24. Bd1 {[%emt 0:05:12]} (24. g4 $18 {and White stays clearly on top.}) 24... Rd8 {[%emt 0:03:31][%cal Od4b5]} 25. h5 {[%emt 0:10:42]} Nb5 {[%emt 0:08:22]} 26. Rd3 {[%emt 0:03:59]} (26. Nxb5 Rxd1+ 27. Ke2 Rd5 28. Nxa7 Rxe5+ 29. Kf1 Rhxh5 $11) 26... gxh5 {[%emt 0:02:50]} 27. a4 {[%emt 0:00:17] 0x0.0008421a08c6dp-1022s more active pieces.} Nxd6 {[%emt 0:00:16]} 28. Rxd6 {[%emt 0:00:15]} Re8 {[%emt 0:00:33] [#]} 29. Rdd7 {[%emt 0:00:44]} ({Not} 29. Rxa7 Nc8 30. Rc7 Nxd6 31. exd6 Rd8 32. Rxc6 Ra8 $17) ({Better is} 29. a5 $1 $16) 29... a6 {[%emt 0:02:15]} 30. Bf3 {[%emt 0:00:54]} (30. Ra7 $16) 30... Rh7 {[%emt 0:00:25]} (30... h4 $11) 31. Rdc7 {[%emt 0:01:09]} (31. Ra7 $14 {is more appropriate.}) 31... Ng6 $2 {[%emt 0:00:58]} (31... h4 $11 {and Black has nothing to worry.}) 32. Be4 {[%emt 0:00:23] Threatens to win with Bxg6. White is clearly better.} ({Worse is} 32. Rxc6 Nxe5 33. Rxa6 Nxf3 34. gxf3 h4 $11) 32... Rg7 {[%emt 0:00:29]} 33. Bxg6 {[%emt 0:00:42]} ({Don't play} 33. Bxc6 $6 Rd8 $14) (33. Rxc6 $6 Nxe5 34. Rxa6 f5 $14) 33... Rxg6 {[%emt 0:00:01]} 34. Rxf7+ {[%emt 0:00:08]} Kg8 {[%emt 0:00:01] Weighted Error Value: White=0.28 (precise) /Black=0.44} 1/2-1/2

[Event "Frauenbundesliga 2021-22"]
[Site "Germany"]
[Date "2022.05.25"]
[Round "9.10"]
[White "Roebers, Eline"]
[Black "Adamowicz, Katarzyna"]
[Result "1-0"]
[WhiteElo "2369"]
[BlackElo "2108"]
[Annotator "TA"]
[PlyCount "67"]
[EventDate "2021.11.26"]
[EventType "team-tourn"]
[EventCountry "GER"]
[SourceTitle "playchess.com"]
[Source "ChessBase"]
[SourceQuality "1"]
[WhiteTeam "Hamburger SK"]
[BlackTeam "TuRa Harksheide"]
[WhiteTeamCountry "NED"]
[BlackTeamCountry "POL"]
[TimeControl "40/5400+30:1800+30"]

{[%evp 12,67,0,-64,59,33,43,0,-7,-45,33,40,63,47,72,59,79,77,79,55,51,53,50,0,74,79,83,96,308,0,0,-37,94,79,134,128,116,120,119,94,298,327,273,334,325,331,329,316,318,0,491,484,1054,1002,29989,29990,29997,29998]} 1. e4 {[%emt 0:00:02]} e5 {[%emt 0:00:09]} 2. Bc4 {[%emt 0:00:04]} Nf6 {[%emt 0:00:37]} 3. d3 {[%emt 0:00:04]} Nc6 {[%emt 0:01:38]} 4. Nc3 {[%emt 0:00:05]} Bc5 {[%emt 0:01:49]} 5. f4 {[%emt 0:00:44][%cal Bf2f4,Bf4f5][%mdl 32]} d6 {[%emt 0:12:46]} 6. Nf3 {[%emt 0:02:02]} a6 {[%emt 0:00:57] is recently more successful than 6...Bg4.} 7. a3 {[%emt 0:03:57]} (7. fxe5 $11 dxe5 8. Nd5) 7... O-O {[%emt 0:13:11] C30: King's Gambit Declined.} (7... Bg4 $1 $15) 8. f5 $1 $14 {[%emt 0:00:40]} Nd4 {[%emt 0:05:10]} 9. Bg5 {[%emt 0:09:39] Nd5 is the strong threat.} c6 {[%emt 0:00:57] Against Nd5. The position is equal.} 10. Ba2 {[%emt 0:04:02] [#]} Qe7 $146 {[%emt 0:06:13]} (10... h6 $15 11. Bh4 Re8) ({Predecessor:} 10... b5 11. Rf1 a5 12. Qd2 Re8 13. g4 g6 14. fxg6 hxg6 15. Nxd4 Bxd4 16. Bxf6 Qd7 17. Qh6 Bxc3+ 18. bxc3 {1-0 (18) Renaudin,J (2315)-Arnault,J (2000) France 1991}) 11. Qd2 {[%emt 0:07:04]} b5 {[%emt 0:01:57]} 12. Ne2 {[%emt 0:05:58]} Nxe2 {[%emt 0:06:26]} 13. Qxe2 {[%emt 0:00:03]} a5 {[%emt 0:00:05]} 14. g4 {[%emt 0:03:11]} a4 {[%emt 0:04:01]} 15. Bh4 {[%emt 0:02:08] Strongly threatening g5.} d5 $1 {[%emt 0:09:30]} 16. exd5 {[%emt 0:08:51]} Qd6 {[%emt 0:02:02]} 17. Bxf6 {[%emt 0:04:38]} (17. Qxe5 $2 Re8 18. Bxf6 Rxe5+ 19. Bxe5 Qh6 $19) ({White should try} 17. Bg3 $1 $14 Nxd5 18. d4 (18. Bxe5 Qd7 $14)) 17... Qxf6 {[%emt 0:02:51]} (17... gxf6 $11 18. O-O-O cxd5) 18. O-O-O $16 {[%emt 0:06:10]} (18. Qxe5 Qxe5+ 19. Nxe5 Re8 $11) 18... b4 {[%emt 0:10:17]} 19. axb4 {[%emt 0:05:27]} (19. Nxe5 Re8 20. d4 Bxd4 21. Rxd4 Rxe5 $11) 19... a3 $2 {[%emt 0:03:41]} 20. c3 $2 {[%emt 0:20:28]} (20. Nxe5 Bxb4 21. Kb1 (21. dxc6 axb2+ 22. Kb1 Bc3 $19) 21... axb2 $15) (20. Qxe5 axb2+ 21. Kb1 (21. Qxb2 Bxb4 22. Qxf6 gxf6 $14) (21. Kxb2 Qxe5+ 22. Nxe5 Bd4+ 23. c3 Bxe5 $16) 21... Bxb4 $16) (20. bxc5 $18 e4 21. Qxe4 Qxb2+ 22. Kd2 Qxa2 23. d6) 20... axb2+ $11 {[%emt 0:01:32]} 21. Qxb2 {[%emt 0:03:34]} Be3+ {[%emt 0:05:25]} (21... e4 $1 $15 {stays ahead.}) 22. Kb1 $1 $16 {[%emt 0:00:25] Hoping for Rhe1.} Bb7 {[%emt 0:00:11]} (22... Bf4 $142) 23. Rhe1 {[%emt 0:01:12]} Bf4 {[%emt 0:00:16]} 24. d4 {[%emt 0:04:09]} exd4 {[%emt 0:02:17]} 25. Rxd4 {[%emt 0:00:18]} Bc7 {[%emt 0:01:38] [#]} (25... Bb8 $16 26. dxc6 Bxc6) 26. d6 $1 $18 {[%emt 0:02:54]} Bxd6 {[%emt 0:01:50]} 27. Qd2 {[%emt 0:00:24]} Bc7 {[%emt 0:04:44][%cal Oc6c5] Threatens to win with ...c5!} 28. Rd7 {[%emt 0:03:01]} c5 {[%emt 0:00:08]} 29. Ng5 {[%emt 0:01:24]} ({Weaker is} 29. Rxc7 Bxf3 30. Rxc5 Bxg4 $14) 29... Rxa2 {[%emt 0:01:09]} 30. Kxa2 {[%emt 0:00:59] Really sharp!} (30. Qxa2 $18 {And now Rxf7 would win.} Qxc3 {[#]} 31. Re8 $3 {[%mdl 512]}) 30... Ra8+ $2 {[%emt 0:00:32][%mdl 8192]} (30... Bf4 $1 $11 31. Qd3 (31. Qxf4 $2 Qxc3 32. Kb1 Ra8 $19) 31... Bc6 32. Rxf7 Rxf7 33. Nxf7 Qxf7+ 34. Re6 Bd7) 31. Kb1 {[%emt 0:00:15]} Bf4 {[%emt 0:00:50] [#]} (31... Qc6 $142 32. Rxf7 Qa4) 32. Qa2 $3 {[%emt 0:00:50][%cal Oa2a8][%mdl 512] White wants to mate with Qxa8+!} Be5 {[%emt 0:00:00]} (32... Ba6 33. Ne4) 33. Rxe5 {[%emt 0:00:00]} Qxe5 {[%emt 0:00:00] [#]} 34. Qxa8+ $3 {[%emt 0:00:00][%mdl 512] Weighted Error Value: White=0.34/Black=0.80} 1-0

[Event "Frauenbundesliga 2021-22"]
[Site "Germany"]
[Date "2022.05.25"]
[Round "9.11"]
[White "Brandt, Carina"]
[Black "Papp, Sarah"]
[Result "0-1"]
[WhiteElo "2061"]
[BlackElo "2305"]
[Annotator "TA"]
[PlyCount "94"]
[EventDate "2021.11.26"]
[EventType "team-tourn"]
[EventCountry "GER"]
[SourceTitle "playchess.com"]
[Source "ChessBase"]
[SourceQuality "1"]
[WhiteTeam "Hamburger SK"]
[BlackTeam "TuRa Harksheide"]
[WhiteTeamCountry "GER"]
[BlackTeamCountry "GER"]
[TimeControl "40/5400+30:1800+30"]

{[%evp 15,94,6,19,-23,33,30,44,0,0,0,20,-24,-6,-37,-34,-53,-53,-56,-57,-57,-58,-73,-71,-72,-66,-66,-70,-201,-14,-5,0,0,-7,-15,-18,-21,-25,-118,-82,-87,-90,-397,-340,-469,-458,-475,-390,-845,-835,-751,-709,-681,-651,-749,-508,-752,-722,-757,-731,-749,-758,-745,-727,-940,-909,-913,-847,-816,-726,-797,-715,-29975,-29976,-5768,-29977,-29984,-29985,-29982,-29983,-29979,-29981]} 1. e4 {[%emt 0:00:04]} e6 {[%emt 0:00:06]} 2. d4 {[%emt 0:00:05]} d5 {[%emt 0:00:03]} 3. Nc3 {[%emt 0:00:05]} Nf6 {[%emt 0:00:06]} 4. e5 {[%emt 0:00:05]} Nfd7 {[%emt 0:00:04]} 5. f4 {[%emt 0:00:05]} c5 {[%emt 0:00:05]} 6. Nf3 {[%emt 0:00:05]} Nc6 {[%emt 0:00:05]} 7. Be3 {[%emt 0:00:09]} Be7 {[%emt 0:00:09]} 8. Qd2 {[%emt 0:00:49]} a6 {[%emt 0:00:07]} 9. Qf2 {[%emt 0:06:04] C11: French: Classical System: 4 e5 and 4 Bg5 dxe4.} c4 {[%emt 0:09:58]} (9... f6 $11) 10. Be2 $14 {[%emt 0:03:41]} b5 {[%emt 0:00:29] [#]} 11. Bd1 $146 {[%emt 0:02:07][%cal Of4f5] White is slightly better.} ({Predecessor:} 11. O-O O-O 12. f5 Nb6 13. Qg3 Kh8 14. f6 gxf6 15. Qh4 Rg8 16. Qh5 Bd7 17. exf6 Bxf6 18. Qxf7 {0-1 (26) Egorova,E (2092)-Gudkina,Z (1739) St Petersburg 2010}) 11... b4 {[%emt 0:01:42]} 12. Ne2 {[%emt 0:00:07]} f5 {[%emt 0:01:14]} 13. exf6 {[%emt 0:10:25]} Nxf6 {[%emt 0:01:13][%cal Bd7f6,Bf6g4,Bg4e3][%mdl 32]} 14. Ne5 {[%emt 0:02:30]} Nxe5 {[%emt 0:04:27]} 15. dxe5 {[%emt 0:02:57]} Ng4 {[%emt 0:01:52]} 16. Qf3 {[%emt 0:00:23]} Nxe3 {[%emt 0:00:06]} 17. Qxe3 {[%emt 0:00:05]} O-O {[%emt 0:03:39]} 18. c3 {[%emt 0:04:38]} Rb8 {[%emt 0:06:10]} 19. Bc2 {[%emt 0:08:02]} bxc3 {[%emt 0:02:22]} 20. bxc3 {[%emt 0:00:37]} Rb2 {[%emt 0:01:00]} 21. Kd2 {[%emt 0:05:24] [#]} ({Better is} 21. Nd4 $1 $15) 21... Qa5 $2 {[%emt 0:06:39]} (21... d4 $1 $19 {[%cal Rd4e3]} 22. Qxd4 Qc7) 22. Rhb1 $1 $11 {[%emt 0:07:48]} Rxb1 {[%emt 0:07:41] Really sharp!} (22... Rxa2 23. Rxa2 Qxa2 24. Rb8 $16) 23. Rxb1 {[%emt 0:00:07]} Bc5 {[%emt 0:01:00]} ({Don't do} 23... Qxa2 24. Rb8 Bd7 25. Rb7 $16) 24. Qh3 {[%emt 0:01:21]} g6 $36 {[%emt 0:13:32][%mdl 2048] Threatens to win with ...d4. Black fights for an advantage.} (24... Qxa2 $2 25. Qxh7+ Kf7 26. Rb8 $18) 25. Kd1 {[%emt 0:23:16]} Kg7 {[%emt 0:06:54]} (25... Qxa2 $6 26. Qg3 $17) 26. g4 {[%emt 0:03:45]} (26. Qg3 $11) 26... Qc7 {[%emt 0:10:40]} ({And not} 26... Kg8 27. f5 $15) 27. Qg3 {[%emt 0:01:22]} Qa7 {[%emt 0:04:49]} 28. f5 $2 {[%emt 0:03:44][%mdl 8192]} (28. a4 $17 {is tougher.}) 28... exf5 $19 {[%emt 0:02:20]} 29. e6 {[%emt 0:01:30]} f4 {[%emt 0:04:41]} 30. Nxf4 {[%emt 0:02:13]} Bd6 {[%emt 0:03:08][%cal Bc5d6,Bd6g3,Bg3f4][%mdl 32]} 31. e7 $2 {[%emt 0:03:46]} ({But not} 31. Nh5+ $2 gxh5 32. Qe1 hxg4 $19) (31. Bf5 gxf5 32. Nh5+ Kg8 33. Qxd6 Qg1+ 34. Kc2 Qf2+ 35. Kc1 Qe3+ 36. Kb2 fxg4 37. Rc1 Qxe6 38. Qxe6+ Bxe6 39. Ng3) 31... Qxe7 {[%emt 0:00:55]} 32. Nxd5 {[%emt 0:00:33]} Bxg3 {[%emt 0:02:11][%csl Gg3][%cal Re7e1] [#]} 33. Nxe7 {[%emt 0:00:06]} Bxg4+ {[%emt 0:00:13]} 34. Kc1 {[%emt 0:01:20]} Bf4+ {[%emt 0:01:11] This bishop pair is nice.} 35. Kb2 {[%emt 0:00:11]} Rb8+ {[%emt 0:00:11]} 36. Ka1 {[%emt 0:00:13]} Rxb1+ {[%emt 0:00:13]} 37. Kxb1 {[%emt 0:00:08]} Bxh2 {[%emt 0:00:05][%mdl 4096] Endgame KBB-KBN} 38. Be4 {[%emt 0:00:49]} Kf6 {[%emt 0:01:59]} 39. Nd5+ {[%emt 0:00:39]} Ke5 {[%emt 0:01:25]} 40. Bg2 {[%emt 0:00:06]} h5 {[%emt 0:03:34][%cal Bh7h5,Bh5h4,Bh4h3,Bh3h2][%mdl 32]} 41. Nb4 {[%emt 0:30:44]} Bf5+ {[%emt 0:31:10]} 42. Kb2 {[%emt 0:00:25]} h4 {[%emt 0:00:00]} 43. Nxa6 {[%emt 0:00:00]} h3 {[%emt 0:00:00]} 44. Bf1 {[%emt 0:00:00]} Bg1 {[%emt 0:00:00]} 45. Nb4 {[%emt 0:00:00] Black mates.} h2 {[%emt 0:00:00]} 46. Nc6+ {[%emt 0:00:00]} Kf4 {[%emt 0:00:00]} 47. Bg2 {[%emt 0:00:00]} Be4 {[%emt 0:00:00] Weighted Error Value: White=0.79/Black=0.15 (very precise)} 0-1